<?xml version="1.0" encoding="UTF-8"?>
<record
    xmlns:xsi="http://www.w3.org/2001/XMLSchema-instance"
    xsi:schemaLocation="http://www.loc.gov/MARC21/slim http://www.loc.gov/standards/marcxml/schema/MARC21slim.xsd"
    xmlns="http://www.loc.gov/MARC21/slim">

  <leader>01694nam a22003617a 4500</leader>
  <controlfield tag="003">DO-SdBNP</controlfield>
  <controlfield tag="005">20230821112518.0</controlfield>
  <controlfield tag="007">ta</controlfield>
  <controlfield tag="008">940222s2013    dr a   j      000 0 spa d</controlfield>
  <datafield tag="020" ind1=" " ind2=" ">
    <subfield code="a">9789945465150 (v. 1, v. 2, v. 3)</subfield>
  </datafield>
  <datafield tag="020" ind1=" " ind2=" ">
    <subfield code="a">9789945465464 (v. 4)</subfield>
  </datafield>
  <datafield tag="040" ind1=" " ind2=" ">
    <subfield code="a">DO-SdBNP</subfield>
    <subfield code="c">BNPHU</subfield>
    <subfield code="b">spa</subfield>
    <subfield code="e">rda</subfield>
  </datafield>
  <datafield tag="082" ind1=" " ind2="4">
    <subfield code="a">RD863.5</subfield>
    <subfield code="b">C965v</subfield>
    <subfield code="2">22</subfield>
  </datafield>
  <datafield tag="245" ind1="0" ind2="0">
    <subfield code="a">Cuentos de valores para campeones /</subfield>
    <subfield code="c">presentaci&#xF3;n Josefina Jim&#xE9;nez ; ilustraciones Guillermo Nolasco </subfield>
  </datafield>
  <datafield tag="246" ind1=" " ind2=" ">
    <subfield code="a">Cuentos de valores para campeon@s /</subfield>
  </datafield>
  <datafield tag="264" ind1=" " ind2="1">
    <subfield code="a">Santo Domingo:</subfield>
    <subfield code="b">Ediciones CP,</subfield>
    <subfield code="c">2013.</subfield>
  </datafield>
  <datafield tag="300" ind1=" " ind2=" ">
    <subfield code="a">4 volumenes</subfield>
    <subfield code="b">ilustraciones</subfield>
    <subfield code="c">21 cm.</subfield>
  </datafield>
  <datafield tag="336" ind1=" " ind2=" ">
    <subfield code="2">rdacontent</subfield>
    <subfield code="a">texto</subfield>
    <subfield code="b">txt</subfield>
  </datafield>
  <datafield tag="337" ind1=" " ind2=" ">
    <subfield code="2">rdamedia</subfield>
    <subfield code="a">sin mediaci&#xF3;n</subfield>
    <subfield code="b">n</subfield>
  </datafield>
  <datafield tag="338" ind1=" " ind2=" ">
    <subfield code="2">rdacarrier</subfield>
    <subfield code="a">volumen</subfield>
    <subfield code="b">nc</subfield>
  </datafield>
  <datafield tag="505" ind1="0" ind2=" ">
    <subfield code="g">v. 1 --</subfield>
    <subfield code="t">Valor: bondad --</subfield>
    <subfield code="t">Valor: honestidad --</subfield>
    <subfield code="t">Valor: respeto --</subfield>
    <subfield code="t">Valor: responsabilidad --</subfield>
    <subfield code="t">Valor: agradecimiento --</subfield>
    <subfield code="t">Valor: amabilidad --</subfield>
    <subfield code="t">Valor: obediencia --</subfield>
    <subfield code="t">Valor: generosidad /</subfield>
  </datafield>
  <datafield tag="505" ind1="0" ind2=" ">
    <subfield code="g">v. 2 --</subfield>
    <subfield code="t">Valor: servicio / colaboraci&#xF3;n --</subfield>
    <subfield code="t">Valor: valent&#xED;a --</subfield>
    <subfield code="t">Valor: amistad --</subfield>
    <subfield code="t">Valor: perd&#xF3;n /</subfield>
  </datafield>
  <datafield tag="505" ind1="0" ind2=" ">
    <subfield code="g">v. 3 --</subfield>
    <subfield code="t">Actitud positiva --</subfield>
    <subfield code="t">Tolerancia --</subfield>
    <subfield code="t">Humildad --</subfield>
    <subfield code="t">Valent&#xED;a --</subfield>
    <subfield code="t">Amor --</subfield>
    <subfield code="t">Responsabilidad --</subfield>
    <subfield code="t">Optimismo --</subfield>
    <subfield code="t">Autoestima /</subfield>
  </datafield>
  <datafield tag="505" ind1="0" ind2=" ">
    <subfield code="g">v. 4 --</subfield>
    <subfield code="t">Paciencia --</subfield>
    <subfield code="t">Honestidad --</subfield>
    <subfield code="t">Colaboraci&#xF3;n --</subfield>
    <subfield code="t">Perd&#xF3;n --</subfield>
    <subfield code="t">Fidelidad --</subfield>
    <subfield code="t">Bondad --</subfield>
    <subfield code="t">Prudencia /</subfield>
  </datafield>
  <datafield tag="590" ind1=" " ind2=" ">
    <subfield code="a">Inventariado, 2022 / YL</subfield>
  </datafield>
  <datafield tag="650" ind1=" " ind2="4">
    <subfield code="a">Cuentos infantiles</subfield>
    <subfield code="9">440</subfield>
  </datafield>
  <datafield tag="650" ind1=" " ind2="4">
    <subfield code="a">Literatura infantil</subfield>
    <subfield code="9">2053</subfield>
  </datafield>
  <datafield tag="700" ind1="1" ind2=" ">
    <subfield code="a">Jim&#xE9;nez, Josefina</subfield>
    <subfield code="e">presentaci&#xF3;n</subfield>
    <subfield code="9">82495</subfield>
  </datafield>
  <datafield tag="700" ind1="1" ind2=" ">
    <subfield code="a">Nolasco, Guillermo</subfield>
    <subfield code="e">ilustraciones</subfield>
    <subfield code="9">19562</subfield>
  </datafield>
  <datafield tag="700" ind1=" " ind2="2">
    <subfield code="a">V&#xED;ctor Manuel</subfield>
    <subfield code="e">ilustraciones</subfield>
    <subfield code="9">82496</subfield>
  </datafield>
  <datafield tag="910" ind1=" " ind2=" ">
    <subfield code="a">YLockward/Validado. Control de calidad MFF</subfield>
  </datafield>
  <datafield tag="942" ind1=" " ind2=" ">
    <subfield code="2">ddc</subfield>
    <subfield code="c">LBS1</subfield>
  </datafield>
  <datafield tag="952" ind1=" " ind2=" ">
    <subfield code="0">0</subfield>
    <subfield code="1">0</subfield>
    <subfield code="2">ddc</subfield>
    <subfield code="5">1</subfield>
    <subfield code="7">0</subfield>
    <subfield code="8">CIJ-PD</subfield>
    <subfield code="a">BNPHU</subfield>
    <subfield code="b">BNPHU</subfield>
    <subfield code="c">HD</subfield>
    <subfield code="d">2021-09-03</subfield>
    <subfield code="e">ADP</subfield>
    <subfield code="l">0</subfield>
    <subfield code="o">BNPHU CIJ-PD RD863.5  C965v</subfield>
    <subfield code="p">2022-4239</subfield>
    <subfield code="r">2022-10-06</subfield>
    <subfield code="t">v. 1</subfield>
    <subfield code="w">2022-10-06</subfield>
    <subfield code="y">LBS1</subfield>
  </datafield>
  <datafield tag="952" ind1=" " ind2=" ">
    <subfield code="0">0</subfield>
    <subfield code="1">0</subfield>
    <subfield code="2">ddc</subfield>
    <subfield code="5">1</subfield>
    <subfield code="7">0</subfield>
    <subfield code="8">CIJ-PD</subfield>
    <subfield code="a">BNPHU</subfield>
    <subfield code="b">BNPHU</subfield>
    <subfield code="c">HD</subfield>
    <subfield code="d">2021-09-03</subfield>
    <subfield code="e">ADP</subfield>
    <subfield code="l">0</subfield>
    <subfield code="o">BNPHU CIJ-PD RD863.5  C965v</subfield>
    <subfield code="p">2022-4240</subfield>
    <subfield code="r">2022-10-06</subfield>
    <subfield code="t">v. 1, e. 2</subfield>
    <subfield code="w">2022-10-06</subfield>
    <subfield code="y">LBS1</subfield>
  </datafield>
  <datafield tag="952" ind1=" " ind2=" ">
    <subfield code="0">0</subfield>
    <subfield code="1">0</subfield>
    <subfield code="2">ddc</subfield>
    <subfield code="5">6</subfield>
    <subfield code="7">0</subfield>
    <subfield code="8">CIJ-PD</subfield>
    <subfield code="a">BNPHU</subfield>
    <subfield code="b">BNPHU</subfield>
    <subfield code="c">HD</subfield>
    <subfield code="d">2021-09-03</subfield>
    <subfield code="e">ADP</subfield>
    <subfield code="l">0</subfield>
    <subfield code="o">BNPHU CIJ-PD RD863.5  C965v</subfield>
    <subfield code="p">2022-4241</subfield>
    <subfield code="r">2022-10-06</subfield>
    <subfield code="t">v.1, e.3</subfield>
    <subfield code="w">2022-10-06</subfield>
    <subfield code="y">LBS1</subfield>
  </datafield>
  <datafield tag="952" ind1=" " ind2=" ">
    <subfield code="0">0</subfield>
    <subfield code="1">0</subfield>
    <subfield code="2">ddc</subfield>
    <subfield code="5">1</subfield>
    <subfield code="7">0</subfield>
    <subfield code="8">CIJ-PD</subfield>
    <subfield code="a">BNPHU</subfield>
    <subfield code="b">BNPHU</subfield>
    <subfield code="c">HD</subfield>
    <subfield code="d">2021-09-03</subfield>
    <subfield code="e">ADP</subfield>
    <subfield code="l">0</subfield>
    <subfield code="o">BNPHU CIJ-PD RD863.5 C965v</subfield>
    <subfield code="p">2022-4242</subfield>
    <subfield code="r">2022-10-06</subfield>
    <subfield code="t">v. 2</subfield>
    <subfield code="w">2022-10-06</subfield>
    <subfield code="y">LBS1</subfield>
  </datafield>
  <datafield tag="952" ind1=" " ind2=" ">
    <subfield code="0">0</subfield>
    <subfield code="1">0</subfield>
    <subfield code="2">ddc</subfield>
    <subfield code="5">1</subfield>
    <subfield code="7">0</subfield>
    <subfield code="8">CIJ-PD</subfield>
    <subfield code="a">BNPHU</subfield>
    <subfield code="b">BNPHU</subfield>
    <subfield code="c">HD</subfield>
    <subfield code="d">2021-09-03</subfield>
    <subfield code="e">ADP</subfield>
    <subfield code="l">0</subfield>
    <subfield code="o">BNPHU CIJ-PD RD863.5  C965v</subfield>
    <subfield code="p">2022-4243</subfield>
    <subfield code="r">2022-10-06</subfield>
    <subfield code="t">v.2, e. 2</subfield>
    <subfield code="w">2022-10-06</subfield>
    <subfield code="y">LBS1</subfield>
  </datafield>
  <datafield tag="952" ind1=" " ind2=" ">
    <subfield code="0">0</subfield>
    <subfield code="1">0</subfield>
    <subfield code="2">ddc</subfield>
    <subfield code="5">1</subfield>
    <subfield code="7">0</subfield>
    <subfield code="8">CIJ-PD</subfield>
    <subfield code="a">BNPHU</subfield>
    <subfield code="b">BNPHU</subfield>
    <subfield code="c">HD</subfield>
    <subfield code="d">2021-09-03</subfield>
    <subfield code="e">ADP</subfield>
    <subfield code="l">0</subfield>
    <subfield code="o">BNPHU CIJ-DS RD863.5  C965v</subfield>
    <subfield code="p">2022-4244</subfield>
    <subfield code="r">2022-10-06</subfield>
    <subfield code="t">v. 2, e. 3</subfield>
    <subfield code="w">2022-10-06</subfield>
    <subfield code="y">LBS1</subfield>
  </datafield>
  <datafield tag="952" ind1=" " ind2=" ">
    <subfield code="0">0</subfield>
    <subfield code="1">0</subfield>
    <subfield code="2">ddc</subfield>
    <subfield code="5">1</subfield>
    <subfield code="7">0</subfield>
    <subfield code="8">CIJ-PD</subfield>
    <subfield code="a">BNPHU</subfield>
    <subfield code="b">BNPHU</subfield>
    <subfield code="c">HD</subfield>
    <subfield code="d">2021-09-03</subfield>
    <subfield code="e">ADP</subfield>
    <subfield code="l">0</subfield>
    <subfield code="o">BNPHU CIJ-PD RD863.5  C965v</subfield>
    <subfield code="p">2022-4245</subfield>
    <subfield code="r">2022-10-06</subfield>
    <subfield code="t">v. 3</subfield>
    <subfield code="w">2022-10-06</subfield>
    <subfield code="y">LBS1</subfield>
  </datafield>
  <datafield tag="952" ind1=" " ind2=" ">
    <subfield code="0">0</subfield>
    <subfield code="1">0</subfield>
    <subfield code="2">ddc</subfield>
    <subfield code="5">1</subfield>
    <subfield code="7">0</subfield>
    <subfield code="8">CIJ-PD</subfield>
    <subfield code="a">BNPHU</subfield>
    <subfield code="b">BNPHU</subfield>
    <subfield code="c">CT</subfield>
    <subfield code="d">2021-09-03</subfield>
    <subfield code="e">ADP</subfield>
    <subfield code="l">0</subfield>
    <subfield code="o">BNPHU CIJ-PD RD863.5 C965v</subfield>
    <subfield code="p">2022-4246</subfield>
    <subfield code="r">2022-10-06</subfield>
    <subfield code="t">v. 3, e. 2</subfield>
    <subfield code="w">2022-10-06</subfield>
    <subfield code="y">LBS1</subfield>
  </datafield>
  <datafield tag="952" ind1=" " ind2=" ">
    <subfield code="0">0</subfield>
    <subfield code="1">0</subfield>
    <subfield code="2">ddc</subfield>
    <subfield code="5">6</subfield>
    <subfield code="7">0</subfield>
    <subfield code="8">DS</subfield>
    <subfield code="a">BNPHU</subfield>
    <subfield code="b">BNPHU</subfield>
    <subfield code="c">HD</subfield>
    <subfield code="d">2021-09-03</subfield>
    <subfield code="e">ADP</subfield>
    <subfield code="l">0</subfield>
    <subfield code="o">BNPHU DS RD863.5 C965v</subfield>
    <subfield code="p">2023-5451</subfield>
    <subfield code="r">2023-08-18</subfield>
    <subfield code="t">v. 3, e. 3</subfield>
    <subfield code="w">2022-10-06</subfield>
    <subfield code="y">LBS1</subfield>
  </datafield>
  <datafield tag="952" ind1=" " ind2=" ">
    <subfield code="0">0</subfield>
    <subfield code="1">0</subfield>
    <subfield code="2">ddc</subfield>
    <subfield code="5">6</subfield>
    <subfield code="7">0</subfield>
    <subfield code="8">DS</subfield>
    <subfield code="a">BNPHU</subfield>
    <subfield code="b">BNPHU</subfield>
    <subfield code="c">HD</subfield>
    <subfield code="d">2021-09-03</subfield>
    <subfield code="e">ADP</subfield>
    <subfield code="l">0</subfield>
    <subfield code="o">BNPHU CIJ-PD RD863.5  C965v</subfield>
    <subfield code="p">2023-5452</subfield>
    <subfield code="r">2023-08-18</subfield>
    <subfield code="t">v. 4</subfield>
    <subfield code="w">2022-10-06</subfield>
    <subfield code="y">LBS1</subfield>
  </datafield>
  <datafield tag="952" ind1=" " ind2=" ">
    <subfield code="0">0</subfield>
    <subfield code="1">0</subfield>
    <subfield code="2">ddc</subfield>
    <subfield code="5">6</subfield>
    <subfield code="7">0</subfield>
    <subfield code="8">DS</subfield>
    <subfield code="a">BNPHU</subfield>
    <subfield code="b">BNPHU</subfield>
    <subfield code="c">HD</subfield>
    <subfield code="d">2021-09-03</subfield>
    <subfield code="e">ADP</subfield>
    <subfield code="l">0</subfield>
    <subfield code="o">BNPHU DS RD863.5  C965v</subfield>
    <subfield code="p">2023-5453</subfield>
    <subfield code="r">2023-08-18</subfield>
    <subfield code="t">v. 4, e. 2</subfield>
    <subfield code="w">2022-10-06</subfield>
    <subfield code="y">LBS1</subfield>
  </datafield>
  <datafield tag="952" ind1=" " ind2=" ">
    <subfield code="0">0</subfield>
    <subfield code="1">0</subfield>
    <subfield code="2">ddc</subfield>
    <subfield code="5">6</subfield>
    <subfield code="7">0</subfield>
    <subfield code="8">DS</subfield>
    <subfield code="a">BNPHU</subfield>
    <subfield code="b">BNPHU</subfield>
    <subfield code="c">HD</subfield>
    <subfield code="d">2021-09-03</subfield>
    <subfield code="e">ADP</subfield>
    <subfield code="l">0</subfield>
    <subfield code="o">BNPHU CIJ-DS RD863.5  C965v</subfield>
    <subfield code="p">2023-5454</subfield>
    <subfield code="r">2023-08-18</subfield>
    <subfield code="t">v. 4, e. 3</subfield>
    <subfield code="w">2022-10-06</subfield>
    <subfield code="y">LBS1</subfield>
  </datafield>
  <datafield tag="999" ind1=" " ind2=" ">
    <subfield code="c">52526</subfield>
    <subfield code="d">52526</subfield>
  </datafield>
</record>
